LEADER 01283nam--2200409---450- 001 990002683710203316 005 20070209112412.0 010 $a2-8011-1264-X 035 $a000268371 035 $aUSA01000268371 035 $a(ALEPH)000268371USA01 035 $a000268371 100 $a20051108h2000----km-y0itay50------ba 101 0 $afre 102 $aBE 105 $ay|||z|||001yy 200 1 $aInitiation à la lexicologie française$ede la néologie aux dictionnaires$fFrançois Gaudin, Louis Guespin 210 $aBruxelles$cDuculot$dcopyr. 2000 215 $a355 p.$d24 cm 225 2 $aChamps linguistiques$iManuels 410 0$12001$aChamps linguistiques$iManuels 454 1 $12001 461 1$1001------$12001 606 0 $aLingua francese$xLessicografia 676 $a443.028 700 1$aGAUDIN,$bFrançois$0592056 701 1$aGUESPIN,$bLouis$0191511 801 0$aIT$bsalbc$gISBD 912 $a990002683710203316 951 $aVI.4.D. 154(II f D 51)$b183074 L.M.$cII f D$d00118014 959 $aBK 969 $aUMA 979 $aPECORARO$b90$c20051108$lUSA01$h1636 979 $aPECORARO$b90$c20051108$lUSA01$h1638 979 $aCOPAT7$b90$c20070209$lUSA01$h1124 996 $aInitiation à la lexicologie française$91002812 997 $aUNISA LEADER 01369oam 2200469 450 001 9910717237803321 005 20201204112241.0 035 $a(CKB)25434261000041 035 $a(OCoLC)910238987 035 $a(EXLCZ)9925434261000041 100 $a20150528h20152015 ua 0 101 0 $aeng 135 $aurbn||||||||| 181 $ctxt$2rdacontent 182 $cc$2rdamedia 183 $acr$2rdacarrier 200 10$aAddressing land conflict in Afghanistan /$fErica Gaston and Lillian Dang 210 1$aWashington, DC :$cUnited States Institute of Peace,$d2015. 210 4$d©2015 215 $a1 online resource (15 pages) 225 1 $aSpecial report ;$v372 300 $a"June 2015." 320 $aIncludes bibliographical references (pages 13-15). 606 $aLand tenure$zAfghanistan 606 $aConflict management$zAfghanistan 606 $aLand tenure$2fast 607 $aAfghanistan$2fast 615 0$aLand tenure 615 0$aConflict management 615 7$aLand tenure. 700 $aGaston$b E. L.$01398519 702 $aDang$b Lillian 712 02$aUnited States Institute of Peace, 801 0$bAWC 801 1$bAWC 801 2$bOCLCF 801 2$bOCLCA 801 2$bGPO 906 $aBOOK 912 $a9910717237803321 996 $aAddressing land conflict in Afghanistan$93499343 997 $aUNINA LEADER 05495nam 22007815 450 001 9910996493903321 005 20250410133807.0 010 $a981-9637-55-4 024 7 $a10.1007/978-981-96-3755-3 035 $a(CKB)38337763300041 035 $a(DE-He213)978-981-96-3755-3 035 $a(MiAaPQ)EBC32006608 035 $a(Au-PeEL)EBL32006608 035 $a(OCoLC)1523374952 035 $a(EXLCZ)9938337763300041 100 $a20250410d2025 u| 0 101 0 $aeng 135 $aur||||||||||| 181 $ctxt$2rdacontent 182 $cc$2rdamedia 183 $acr$2rdacarrier 200 10$aHealth Information Processing $e10th China Health Information Processing Conference, CHIP 2024, Fuzhou, China, November 15?17, 2024, Proceedings, Part I /$fedited by Yanchun Zhang, Qingcai Chen, Hongfei Lin, Lei Liu, Xiangwen Liao, Buzhou Tang, Tianyong Hao, Zhengxing Huang 205 $a1st ed. 2025. 210 1$aSingapore :$cSpringer Nature Singapore :$cImprint: Springer,$d2025. 215 $a1 online resource (XVIII, 318 p. 97 illus., 79 illus. in color.) 225 1 $aCommunications in Computer and Information Science,$x1865-0937 ;$v2432 311 08$a981-9637-54-6 327 $a -- Biomedical data processing and model application. -- VSDQ: A Comprehensive Vaccine Stance Detection Quadruple Dataset for Analyzing Vaccine Discussions on Social Media. -- Predicting Patients' Physician Selection Behavior Based on Multimodal Data: A Comparison of Feature Engineering and End-to-End Approaches. -- Automatic Pancreatitis CT Image Segmentation Model Based on UNet and SE Module. -- Utilizing Retrieval-Augmented Generation for Open-Domain Question Answering in Healthcare. -- Self-supervised learning driven doctor recommendation model: combining communication ability and professional competence. -- Prompt-Aware Large Language Model for Sleep Stages Classification. -- Research on Classification Methods for Public Health Question Based on Model Ensemble and Voting Mechanisms. -- A 3D MRI brain image segmentation and reconstruction system based on Augmented Reality Technology. -- Analysis of Hospitalization Data before, during and after the COVID19 Epidemic using Short Time Series Clustering. -- Look, Imitate and Refine: A Hierarchical Multimodel Retrieval Augmented Vision-Language Model for Radiology Report Generation. -- CTGLM: A Vision-Language Model for Automated Chinese Chest CT Report Generation. -- Pattern matching of positive and negative DNA sequences with general gaps and One-off constraints. -- Mental health and disease prediction. -- Survey of Suicidal Tendency Recognition Based on Social Media. -- Global trends in the application of extended reality technology to autism research: Based on the Web of Bibliometric Analysis of Science (1999.1.1-2023.3.4). -- A Review of Machine Learning-based Assessment of Depression. -- Research Progress on Psychological Health Assessment of College Students Based on Eye Movement, EEG, and Facial Expression Recognition. 330 $aThis two-volume set CCIS 2432-2433 constitutes the refereed proceedings of the 10th China Health Information Processing Conference, CHIP 2024, held in Fuzhou, China, during November 15?17, 2024. The 32 full papers included in this set were carefully reviewed and selected from 65 submissions. They are organized in topical sections as follows: biomedical data processing and model application; mental health and disease prediction; and drug prediction and knowledge map. 410 0$aCommunications in Computer and Information Science,$x1865-0937 ;$v2432 606 $aMedical informatics 606 $aArtificial intelligence 606 $aImage processing$xDigital techniques 606 $aComputer vision 606 $aApplication software 606 $aInformation storage and retrieval systems 606 $aHealth Informatics 606 $aArtificial Intelligence 606 $aComputer Imaging, Vision, Pattern Recognition and Graphics 606 $aComputer and Information Systems Applications 606 $aInformation Storage and Retrieval 615 0$aMedical informatics. 615 0$aArtificial intelligence. 615 0$aImage processing$xDigital techniques. 615 0$aComputer vision. 615 0$aApplication software. 615 0$aInformation storage and retrieval systems. 615 14$aHealth Informatics. 615 24$aArtificial Intelligence. 615 24$aComputer Imaging, Vision, Pattern Recognition and Graphics. 615 24$aComputer and Information Systems Applications. 615 24$aInformation Storage and Retrieval. 676 $a610.285 702 $aZhang$b Yanchun$4edt$4http://id.loc.gov/vocabulary/relators/edt 702 $aChen$b Qingcai$4edt$4http://id.loc.gov/vocabulary/relators/edt 702 $aLin$b Hongfei$4edt$4http://id.loc.gov/vocabulary/relators/edt 702 $aLiu$b Lei$4edt$4http://id.loc.gov/vocabulary/relators/edt 702 $aLiao$b Xiangwen$4edt$4http://id.loc.gov/vocabulary/relators/edt 702 $aTang$b Buzhou$4edt$4http://id.loc.gov/vocabulary/relators/edt 702 $aHao$b Tianyong$4edt$4http://id.loc.gov/vocabulary/relators/edt 702 $aHuang$b Zhengxing$4edt$4http://id.loc.gov/vocabulary/relators/edt 801 0$bMiAaPQ 801 1$bMiAaPQ 801 2$bMiAaPQ 906 $aBOOK 912 $a9910996493903321 996 $aHealth information processing$93373035 997 $aUNINA